01263nam a22002417a 450000500170000000800410001702000150005804000070007304100120008008200220009210000200011424500530013426000330018730000300022036500280025052006180027865000170089665000100091365000270092365000220095065000270097270000220099920220715145150.0220715b ||||| |||| 00| 0 eng d a8171679382 cAL aEnglish 223a358.400bSINA aRoopinder Singh aArjan Singh DFC: Marshal of the Indian Air Force aNew DelhibRupa and Coc2002 a88 p.bHBc16.5x13..5 cm. b₹95.00c₹d₹95.00 aIn April 2002, Arjun Singh, one of the legends of the Indian Air Force, was honoured with the first five star rank of Marshal of the Indian Air Force. When he strode up to the dais to receive the Marshal's baton from the President of India, it was the crowning glory of a brilliant career. From facing the Japanese during WWII, to leading the Indian Air Force during the war of 1965 - Arjan Singh and his men always ruled the skies. Then followed years of distinguished service as a diplomat and L.G. Delhi. This is the inspiring story of a leader who transformed the Air Force into a professional fighting force. aSky marshals aIndia aArjan Singh, 1919-2017 a Indian Air Force aArmed Forces--Officers aSINGH (Roopinder)